|
|
|
|
| LEADER |
00000nam0a2200000 4500 |
| 001 |
99414 |
| 005 |
20231031111712.0 |
| 010 |
|
|
|a 5160019987
|
| 035 |
|
|
|a (RuTPU)RU\TPU\book\106667
|
| 090 |
|
|
|a 99414
|
| 100 |
|
|
|a 20060704d2007 m y0rusy50 ca
|
| 101 |
0 |
|
|a rus
|
| 102 |
|
|
|a RU
|
| 105 |
|
|
|a a j 001zy
|
| 200 |
1 |
|
|a Эксплуатация оборудования и систем водоснабжения и водоотведения
|e учебник
|f Г. Н. Жмаков
|
| 210 |
|
|
|a Москва
|c Инфра-М
|d 2007
|
| 215 |
|
|
|a 237 с.
|c ил.
|
| 225 |
1 |
|
|a Среднее профессиональное образование
|
| 320 |
|
|
|a Библиогр.: с. 234-236.
|
| 330 |
|
|
|a Рассмотрены основные вопросы организации служб эксплуатации систем водоснабжения и водоотведения и способы производства важнейших работ при эксплуатации водозаборных сооружений, напорных водоводов и распределительных сетей водоснабжения и самотечных водоотводящих сетей, насосных и воздуходувочных станций, сооружений по очистке воды для питьевых целей и очистки сточных вод. Приводятся прогрессивные методы санации трубопроводов на водопроводных напорных трубопроводах и самотечных водоотводящих сетях. Учебник предназначен для студентов средних специальных учебных заведений (техникумов и колледжей).
|
| 610 |
1 |
|
|a водоснабжение
|
| 610 |
1 |
|
|a водоотведение
|
| 610 |
1 |
|
|a эксплуатация
|
| 610 |
1 |
|
|a водозаборы
|
| 610 |
1 |
|
|a водоводы
|
| 610 |
1 |
|
|a водопроводные сети
|
| 610 |
1 |
|
|a водопроводные станции
|
| 610 |
1 |
|
|a канализационные насосные станции
|
| 610 |
1 |
|
|a водопроводные очистные сооружения
|
| 610 |
1 |
|
|a канализация
|
| 610 |
1 |
|
|a учебники
|
| 675 |
|
|
|a 628.1/.2(075.32)
|v 3
|
| 700 |
|
1 |
|a Жмаков
|b Г. Н.
|g Геннадий Николаевич
|
| 801 |
|
1 |
|a RU
|b 63413507
|c 20060704
|g PSBO
|
| 801 |
|
2 |
|a RU
|b 63413507
|c 20201028
|g PSBO
|
| 900 |
|
|
|a Водоснабжение и инженерные мелиорации
|
| 900 |
|
|
|a Инженерные системы водоснабжения и водоотведения
|
| 942 |
|
|
|c BK
|
| 959 |
|
|
|a 59/20060626
|d 5
|e 152,00
|f ЧЗТЛ:2
|f УФ:3
|